000 00935 a2200253 4500
999 _c2730
_d2730
020 _a0495006807 (pbk.)
050 0 0 _aJF1351 GOR 2007
100 1 _aGortner, Harold F.,
_d1940-
_eauthor
245 1 0 _aOrganization theory :
_ba public and nonprofit perspective /
_cHarold F. Gortner, Kenneth L. Nichols and Carolyn Ball
250 _a3rd ed. /
264 _aBelmont :
_bWadsworth,
_c2007
300 _axii, 436p. :
_bill. ;
500 _aOrganisation theory
504 _aIncludes bibliographical references and index.
650 0 _aPublic administration.
650 0 _aOrganization.
650 0 _aBureaucracy.
650 0 _aManagement.
700 1 _aNichols, Kenneth L.,
_d1946-
_eauthor
700 1 _aBall, Carolyn.
_eauthor
856 4 1 _3Table of contents only
_uhttp://www.loc.gov/catdir/toc/fy0708/2006906712.html
942 _2lcc
_cBK
_e3rd ed.
_h1351
_iGOR
_kJF